[Event "Terrassa op-B"]
[Site "Terrassa"]
[Date "1996.??.??"]
[Round "4"]
[White "Calleja Lazaro, Alberto"]
[Black "Tuneu Alcantara, J."]
[Result "0-1"]
[WhiteElo "1855"]
[BlackElo "1800"]
[PlyCount "76"]
[EventDate "1996.07.??"]
[EventType "swiss"]
[EventRounds "9"]
[EventCountry "ESP"]
[SourceTitle "EXT 2002"]
[Source "ChessBase"]
[SourceDate "2001.11.25"]
[SourceVersion "1"]
[SourceVersionDate "2001.11.25"]
[SourceQuality "1"]

1. f4 d5 2. Nf3 Nf6 3. e3 g6 4. b3 c5 5. Bb2 Bg7 6. Bb5+ Bd7 7. Bxd7+ Nbxd7 8. 0-0 0-0 9. d3 Re8 10. Qe2 Qc7 11. Ne5 Nxe5 12. fxe5 Nd7 13. Qf3 Nxe5 14. Bxe5 Qxe5 15. Qxf7+ Kh8 16. d4 Qxe3+ 17. Qf2 Qxd4 18. c3 Qxf2+ 19. Rxf2 d4 20. Nd2 dxc3 21. Ne4 Bd4 22. Rc1 Bxf2+ 23. Kxf2 b6 24. Nxc3 Rad8 25. Ke3 e5 26. Nb5 Rd7 27. Rc4 Kg7 28. a4 Kf6 29. a5 Kf5 30. axb6 axb6 31. g4+ Kf6 32. Ke4 Rd2 33. h3 Red8 34. Rc3 Re2+ 35. Kf3 Rdd2 36. b4 cxb4 37. Rc6+ Kg5 38. Rxb6 e4+ 0-1

[Event "Terrassa op-B"]
[Site "Terrassa"]
[Date "1996.??.??"]
[Round "8"]
[White "Colom Andres, Xavier"]
[Black "Tuneu Alcantara, J."]
[Result "1-0"]
[WhiteElo "2045"]
[BlackElo "1800"]
[PlyCount "69"]
[EventDate "1996.07.??"]
[EventType "swiss"]
[EventRounds "9"]
[EventCountry "ESP"]
[SourceTitle "EXT 2002"]
[Source "ChessBase"]
[SourceDate "2001.11.25"]
[SourceVersion "1"]
[SourceVersionDate "2001.11.25"]
[SourceQuality "1"]

1. d4 Nf6 2. Nf3 g6 3. Bf4 Bg7 4. e3 0-0 5. Bd3 d6 6. h3 Nc6 7. c3 Re8 8. Nbd2 e5 9. Bg5 h6 10. Bxf6 Qxf6 11. 0-0 Qe7 12. d5 Nd8 13. e4 Rf8 14. Ne1 f5 15. f3 f4 16. Be2 Qg5 17. Kh1 Nf7 18. Nd3 Bf6 19. Rf2 Qh5 20. Bf1 Bh4 21. Re2 Bg3 22. Nf2 Ng5 23. c4 Qh4 24. Kg1 Bxf2+ 25. Rxf2 Nxh3+ 26. gxh3 Qg3+ 27. Rg2 Qh4 28. Qe1 Qf6 29. Rh2 g5 30. Kf2 h5 31. Be2 g4 32. hxg4 hxg4 33. fxg4 f3 34. Bxf3 Bxg4 35. Qe3 1-0